Holiday Quiz

Random Holiday or Christmas Quiz

Click the Jumbled Christmas Characters Quiz Stats

 Plays Quiz Updated Dec 22, 2018

Score 0/17 Timer 02:00
0 Plays Today
% Correct
Buddy
the Elf
78.4%
Ebenezer Scrooge
78.3%
Santa Claus
77.9%
Frosty
the Snowman
74.9%
Cindy
Lou Who
70.6%
Snoopy
69.3%
Rudolph
68%
Jack
Skellington
67.9%
Grinch
66.3%
% Correct
Abominable
Snow Monster
65.8%
Heat Miser
51.1%
Jack Frost
50.7%
Yukon Cornelius
50.3%
Mr. Hankey
45.9%
Winter Warlock
41.4%
Snow Miser
39.4%
Burgermeister
Meisterburger
36.4%

You're not logged in!

Compare scores with friends on all Sporcle quizzes.
OR
Log In

Show Comments

Extras

Top Quizzes Today


Score Distribution

Your Account Isn't Verified!

In order to create a playlist on Sporcle, you need to verify the email address you used during registration. Go to your Sporcle Settings to finish the process.

Report this User

Report this user for behavior that violates our Community Guidelines.

Details: